Biblioteca

La iglesia y su compromiso con la verdad (Registro nro. 60820)

Detalles MARC
000 -LÍDER
Campo fijo de descripción fija 006970000a22001210004500
100 1# - ASIENTO PRINCIPAL--NOMBRE PERSONAL
Nombre personal Milován, Guillermo
245 10 - TÍTULO
Título del Material La iglesia y su compromiso con la verdad
300 ## - DESCRIPCIÓN FÍSICA
Extensión Vol.56, núm.251 (Septiembre-Octubre, 2001), Páginas 11-14
500 ## - NOTA GENERAL
Nota General Guillermo Milován además de periodista, ecritor y predicador, es pastor y líder cristiano. Por treinta años fue secretario general de la Sociedad Bíblica de Uruguay.
773 0# - HOST ITEM ENTRY
Title La Biblia de las Américas
942 ## - TIPO DE MATERIAL (KOHA)
Tipo de Item KOHA Artículos de Revista
Existencias
Estado de Material Estado de Perdido Estado de Dañado No para Préstamo Colección Biblioteca de Origen Biblioteca Permanente Fecha de Adquisición Total de Préstamos Signatura Topográfica Última vez visto Fecha de Remplazo Tipo de Material
        Colección de Hemeroteca Biblioteca FUSBC Biblioteca FUSBC 26/01/2016   26/01/2016 26/01/2016 Artículos de Revista

Biblioteca FUSBC | Teléfono: (57+4) 349 88 10 Ext. 141| WhatsApp (+57) 3005338115 
E-mail: biblioteca@unisbc.edu.co | Calle 76 87-14 Robledo Palenque, Medellín, Colombia

Con tecnología Koha